000 00667nam a2200217Ii 4500
003 JO-AjNU
008 230605s9999||||xx |||||||||||||| ||und||
017 _a2010/9/3515
040 _aJO-AjNU
_bara
_erda
_cJO-AjNU
041 _aara
050 1 4 _aQA76 .M33 2008
100 3 _aابوعواد، عارف حسين,
_eauthor
_929812
245 0 0 _aمهارات الحاسوب و تطبيقاته
250 _aط1
264 3 1 _aعمان:دار وائل، 2008
300 _a400ص
336 _atext
_btxt
_2rdacontent
337 _aunmediated
_bn
_2rdamedia
338 _avolume
_bnc
_2rdacarrier
650 4 _a الحاسبات الإلكترونية. 
_929813
999 _aA11740
_c15308
_d15308